[Event "Challenge"]
[Site "http://www.queenalice.com/game.php?id=333996"]
[Date "2008.1.10"]
[Round "-"]
[White "Drica"]
[Black "paixao"]
[Result "1-0"]
[WhiteElo "1568"]
[BlackElo "1728"]

1. e4 e5 2. Nf3 Bd6 3. c4 Nc6 4. b3 Nb4 5. Na3 a5 6. Nb5 Bc5 7. Nxe5 d6 8. d4
Bb6 9. a3 Nc6 10. Nxc6 bxc6 11. Nc3 Nf6 12. h4 Bxd4 13. Qxd4 O-O 14. Bg5 h6 15.
O-O-O hxg5 16. hxg5 Nh5 17. Rxh5 Re8 18. Be2 a4 19. Nxa4 c5 20. Nxc5 Rxa3 21.
Qd5 Be6 22. Nxe6 Ra1+ 23. Kb2 Rxd1 24. Bxd1 fxe6 25. Qc6 Rf8 26. e5 dxe5 27.
Qxe6+ Rf7 28. g6 Qd2+ 29. Ka3 Qxf2 30. gxf7+ Qxf7 31. Qxf7+ Kxf7 32. Rxe5 1-0

[Event "Challenge"]
[Site "http://www.queenalice.com/game.php?id=336803"]
[Date "2008.1.15"]
[Round "-"]
[White "paixao"]
[Black "hooligan"]
[Result "1-0"]
[WhiteElo "1668"]
[BlackElo "1391"]

1. e4 e5 2. Nf3 d6 3. Bb5+ c6 4. Bc4 b5 5. Bd3 a5 6. c4 b4 7. b3 Na6 8. h4 Nc5
9. Ng5 Be7 10. Qh5 Bxg5 11. hxg5 g6 12. Qh4 Nxd3+ 13. Kd1 Nf4 14. Qg3 h5 15. a3
h4 16. Rxh4 Rxh4 17. Qxh4 Nxg2 18. Qh8 Kd7 19. Qh3+ f5 20. Qxg2 a4 21. axb4 a3
22. exf5 gxf5 23. Nxa3 Ne7 24. Nc2 Rb8 25. Ra4 e4 26. Nd4 Qh8 27. Ra7+ Bb7 28.
Bb2 Qh5+ 29. Ne2 Ng6 30. b5 cxb5 31. cxb5 f4 32. Qxe4 f3 33. Rxb7+ Rxb7 34.
Qxb7+ Ke6 35. Nd4+ Ke5 36. Qxf3 Qxf3+ 37. Nxf3+ Kf4 38. Nh2 Kxg5 39. b6 Ne7 40.
Nf3+ Kf4 41. Bf6 Nc6 42. Nd4 Na5 43. b4 Nb7 44. Ne6+ Kf5 45. Nd8 Nxd8 46. Bxd8
Ke6 47. b7 1-0

[Event "Challenge"]
[Site "http://www.queenalice.com/game.php?id=336805"]
[Date "2008.1.15"]
[Round "-"]
[White "paixao"]
[Black "Najfh"]
[Result "1-0"]
[WhiteElo "1680"]
[BlackElo "1149"]

1. e4 e5 2. Nf3 d6 3. b4 Bg4 4. h3 Bh5 5. c4 Qf6 6. g4 Bg6 7. g5 Qf4 8. Qa4+ c6
9. Qa3 Qxe4+ 10. Be2 h6 11. Nc3 Qf4 12. d3 Qf5 13. gxh6 gxh6 14. Nh4 Qe6 15.
Nxg6 fxg6 16. Bg4 Qf6 17. Ne4 Qh4 18. Bd2 h5 19. Bf3 d5 20. cxd5 cxd5 21. Qa4+
Kf7 22. Ng5+ Kf6 23. Bxd5 Ne7 24. Bxb7 Qd4 25. Rc1 Nbc6 26. Bxa8 Nd8 27. Ne4+
Kf5 28. Rf1 Ne6 29. Be3 Qxd3 30. Qe8 g5 31. Qf7# 1-0

[Event "Challenge"]
[Site "http://www.queenalice.com/game.php?id=345876"]
[Date "2008.1.31"]
[Round "-"]
[White "paixao"]
[Black "dani29rock"]
[Result "1-0"]
[WhiteElo "1680"]
[BlackElo "1402"]

1. e4 e5 2. c4 Bc5 3. Qg4 Qf6 4. Nh3 Nc6 5. Nc3 d6 6. Qg3 Nd4 7. Nd5 Ne6 8.
Nxf6+ Nxf6 9. Ng5 h6 10. Nxe6 Bxe6 11. Qxg7 Ke7 12. h4 Nxe4 13. h5 Rag8 14. Qxh8
Rxh8 15. a4 Nxf2 16. Rh4 Rg8 17. b3 Rg3 18. Bb2 e4 19. Rf4 1-0

[Event "anairda"]
[Site "http://www.queenalice.com/game.php?id=354123"]
[Date "2008.2.14"]
[Round "3"]
[White "anairda"]
[Black "paixao"]
[Result "0-1"]
[WhiteElo "1476"]
[BlackElo "1689"]

1. e4 e5 2. Nf3 Nc6 3. g4 Nd4 4. Nxd4 exd4 5. c4 dxc3 6. dxc3 c5 7. b3 Qe7 8.
Bg2 b6 9. Na3 Bb7 10. Nb5 Bxe4 11. Bxe4 Qxe4+ 12. Be3 Qxh1+ 13. Ke2 Qxh2 14. Qd2
Nf6 15. g5 Ng4 16. Bf4 Qxf2+ 17. Kd1 Qf1+ 18. Qe1+ Ne3+ 19. Bxe3 Qxb5 20. Bf4+
Be7 21. c4 Qc6 22. Rc1 Qf3+ 23. Qe2 Qxf4 24. Rc3 Qxg5 25. Re3 h5 26. a4 Rh6 27.
Ke1 Re6 28. Rxe6 dxe6 0-1